One Piece - Groupes de choses #2 - Statistiques

Statistiques générales
  • Ce quiz a été pris 122 fois
  • Le résultat moyen est 34 sur 62
Statistiques - réponses
% Correct
Génération terrible Roronoa Zoro
100%
Second d'empereur Roronoa Zoro
100%
Génération terrible Monkey D. Luffy
99%
Génération terrible Eustass "Captain" kid
96%
Génération terrible Trafalgar D. Water Law
96%
Génération terrible Jewelry Bonney
93%
Second d'empereur Marco
90%
Génération terrible Urouge
89%
Génération terrible Basil Hawkins
87%
Second d'empereur Charlotte Katakuri
86%
Second d'empereur King ( ou jack en fonction des version )
86%
Génération terrible Capone "Gang" Bege
85%
Génération terrible Scratchmen Apoo
85%
Génération terrible X - Drake
85%
Génération terrible Killer
84%
Commandant de flotte du chapeau de paille Bartoloméo
79%
Second d'empereur Ben Beckmann
75%
Arc post - Ellipse ( Manga ) Pays de Wano
72%
Sabre qu'à possédé Zoro Enma
71%
Second d'empereur Jesus Burgess
71%
Second d'empereur Mihawk ou crocodile
71%
Arc post - Ellipse ( Manga ) Punk Hazard
71%
Arc post - Ellipse ( Manga ) Dressrosa
70%
Arc post - Ellipse ( Manga ) Egghead
70%
Arc post - Ellipse ( Manga ) Île des hommes - poissons
69%
Commandant de flotte du chapeau de paille Cavendish
68%
Arc post - Ellipse ( Manga ) Whole Cake Island
67%
îles ou lieux visités par Luffy à East Blue ( Canon ) Baratie
66%
îles ou lieux visités par Luffy à East Blue ( Canon ) Arlong Park
63%
Arc post - Ellipse ( Manga ) Zou
63%
Commandant de flotte du chapeau de paille Hajrudin
58%
Commandant de flotte du chapeau de paille Léo
58%
îles ou lieux visités par Luffy à East Blue ( Canon ) Loguetown
57%
Région de Wano Onigashima
55%
îles ou lieux visités par Luffy à East Blue ( Canon ) Village de Sirop
55%
Arc post - Ellipse ( Manga ) Erbaf
53%
îles ou lieux visités par Luffy à East Blue ( Canon ) Village d'orange
48%
Commandant de flotte du chapeau de paille Idéo
45%
Sabre qu'à possédé Zoro Sandai Kitetsu
45%
Sabre qu'à possédé Zoro Wado Ichimonji
44%
Arc post - Ellipse ( Manga ) Retour à Sabaody
42%
Commandant de flotte du chapeau de paille Sai
42%
Commandant de flotte du chapeau de paille Orlumbus
30%
Zoan Antique Ptéranodon
30%
Région de Wano Kuri
29%
Région de Wano Udon
29%
Zoan Antique Brachiosaure
28%
Zoan Antique Mammouth
28%
Sabre qu'à possédé Zoro Yubashiri
28%
îles ou lieux visités par Luffy à East Blue ( Canon ) Shells Town
26%
Zoan Antique Allosaure
25%
Région de Wano Capitale des fleurs
25%
Zoan Antique Tricératops
25%
îles ou lieux visités par Luffy à East Blue ( Canon ) Île des Animaux Rares
20%
Région de Wano Ringo
20%
Zoan Antique Tigre à dents de sabre
20%
Zoan Antique Spinosaure
19%
Zoan Antique Pachycéphalosaure
16%
Région de Wano Kibi
12%
Zoan Antique Rosamygale grauvogeli
12%
Région de Wano Hakumai
11%
Sabre qu'à possédé Zoro Shuusui
8%
Aucun quiz correspondant
Distribution des résultats
% des personnes avec chaque résultat
Percentile par nombre de réponses
Votre historique - résultats
Vous n’avez pas pris ce quiz